[Event "Adelaide Interclub"]
[Site "Adelaide"]
[Date "2004.??.??"]
[Round "6"]
[White "Hester, David A"]
[Black "Hoff, Gregory"]
[Result "1-0"]
[WhiteElo "1710"]
[BlackElo "1785"]
[PlyCount "75"]
[EventDate "2004.??.??"]
[EventType "team"]
[EventRounds "9"]
[EventCountry "AUS"]
[SourceTitle "EXT 2007"]
[Source "ChessBase"]
[SourceDate "2006.11.23"]
[SourceVersion "1"]
[SourceVersionDate "2006.11.23"]
[SourceQuality "1"]

1. d4 d5 2. c4 e6 3. Nc3 c5 4. cxd5 cxd4 5. Qxd4 Nc6 6. Qd1 exd5 7. Qxd5 Be6 8. Qxd8+ Rxd8 9. e3 Nb4 10. Bb5+ Bd7 11. Bxd7+ Rxd7 12. Ke2 Nf6 13. Nf3 Be7 14. a3 Nd3 15. Rd1 Nxc1+ 16. Raxc1 Rxd1 17. Rxd1 0-0 18. Nd5 Nxd5 19. Rxd5 Rd8 20. Rxd8+ Bxd8 21. Kd3 f6 22. Ke4 Kf7 23. Kd5 Bc7 24. h3 Ke7 25. a4 Ba5 26. Nd4 g6 27. e4 Be1 28. f4 Bg3 29. f5 Be5 30. g4 a6 31. b3 Bg3 32. Ne6 Be5 33. Nc5 b5 34. Nxa6 bxa4 35. bxa4 Bc3 36. Nb8 Be1 37. fxg6 hxg6 38. a5 1-0